| 000 | 01226cam a22002054a 4500 | ||
|---|---|---|---|
| 005 | 20250605163926.0 | ||
| 008 | 250528s ||||||||||||||||||||||||d | ||
| 035 | _a14542 | ||
| 020 | _a716757923 | ||
| 040 |
_aGR-AtMCL _bgre _dGR-AtMCL _eAACR2 |
||
| 245 | 1 | _aAbnormal Psychology / Fifth Edition | |
| 250 | _a5th | ||
| 260 |
_bWorth Publishers, _c2004 |
||
| 300 | _a724 | ||
| 520 | _aAbnormal Psychology in Science and Clinical Practice, Abnormal Psychology: Past and Present, Research in Abnormal Psychology, Models of Abnormality, Clinical Assessment and Diagnosis and Treatment, Problems of Stress and Anxiety, Anxiety Disorders, Stress Disorders, Somatoform and Dissociative Disorders, Problems of Mood, Mood Disorders, Treatments for Mood Disorders, Suicide, Problems of Mind and Body, Eating Disorders, Substance-Related Disorders, Sexual Disorders and Gender Identity Disorder, Problems of Psychosis, Schizophrenia, Treatments for Schizophrenia, Life-Span Problems, Personality Disorders, Disorders of Childhood and Adolescence, Disorders of Aging and Cognition, Conclusion, Law and Society and the Mental Health Profession. | ||
| 700 | 1 |
_aComer Ronald J _9247 |
|
| 942 | _cBK | ||
| 999 |
_c167 _d167 |
||